Представление документа в формате MARC21

Поле Инд. ПП Название Значение
Тип записи m
Библиографический уровень m
001 Контрольный номер 428886c657104a4db1f5b32f52ef236f
005 Дата корректировки 20220118124739.7
008 Кодируемые данные 190214|||||||||ru |||||||||||||||||rus||
040 b Код языка каталог. rus
e Правила каталог. PSBO
041 0_ a Код языка текста rus
084 a Индекс другой классификации/Индекс ББК 32.97
090 x Авторский знак Р 13
245 10 a Заглавие Работа с конфигурацией "Управление торговлей" в системе 1С:Предприятие 8.3
b Продолж. заглавия учеб.-практ. пособие
c Ответственность М-во образования и науки, ФГБОУ ВО "Мурман. гос. техн. ун-т", Каф. математики, информ. систем и прогр. обеспечения ; сост. О. Б. Кузнецова, Моисеева В. И.
h Физич. носитель Электронный ресурс
256 a Характеристики компьютерного файла Электрон. текстовые дан. (1 файл : 4,74 Мб)
260 a Место издания Мурманск
b Издательство Изд-во МГТУ
c Дата издания 2018
500 10 a Примечание Доступ из локальной сети Мурман. гос. техн. ун-та. - Загл. с экрана
583 x Служебное примечание Полнотекстовые документы
x Служебное примечание Труды преподавателей МГТУ
x Служебное примечание Без печатного варианта
z Открытое примечание 27.00.00
653 1_ a Ключевые слова Программа "1С:Предприятие 8.3"; Методические указания; Труды преподавателей МГТУ; Электронные версии
700 12 a Другие авторы Кузнецова О. Б.
e Роль лиц Составитель
700 12 a Другие авторы Моисеева В. И.
e Роль лиц Составитель
856 40 u URL https://elib.mauniver.ru/2019/M_19_44.pdf
901 t Тип документа m
952 c Вид литературы учебно-методическое издание